000 00579cab a2200205 4500
001 WB2701-56
008 090401t1990 xxu||||| |||| 00| 0 eng d
035 _a(Sirsi) u65229
041 _aeng
245 _aCounty hall inquiry
260 _c1990
350 _a0
490 _aPlanning (for the Natural and Built Environment)
_vno 899, 14/12/90 p2
520 _aMichael Heseltine has agreed to reopen the public inquiry into the future of County Hall .
650 _aDOE
650 _aLONDON
690 _aPLANNING LAW AND PRACTICE
942 _n0
948 _c04/03/1997
999 _c40673
_d40673